| 000 | 00444nam a2200157 a 4500 | ||
|---|---|---|---|
| 001 | 000041418 | ||
| 005 | 20201002034855.0 | ||
| 008 | 131003s1992 xxu 000 0 eng d | ||
| 020 | _a9780679744474 | ||
| 040 |
_aDO-SdBNP _bspa _cBNPHU |
||
| 082 |
_axxxx _bxxxx |
||
| 100 | 1 |
_aWinterson, Jeanette _968086 |
|
| 245 | 1 | 0 |
_aWritten on the body / _cJeanette Written. |
| 260 |
_aNew York : _bVintage International, _c1992. |
||
| 300 |
_a190 p. ; _c21 cm. |
||
| 999 |
_c40908 _d40908 |
||